• 首页
  • 本馆介绍
  • 公告通知
  • 最新文献
  • 馆藏检索
  • 电子资源
  • 读者导购
  • 参考咨询
  • 我的图书馆
  • 登录
  • 详细信息显示
  • 放入我的书架
  • 预约/预借图书
  • 作者相关作品
  • 分类相关作品
  • 丛书相关作品
  • 出版社相关作品

书目信息

  • 表格格式
  • 工作单格式
  • 卡片格式
题名:
《中共党史》辅导
    
 
作者: 庄永淑 编
分册:  
出版信息: 上海   华东师范大学出版社  1984
页数: 290页
开本: 19cm
丛书名:
单 册:
中图分类: D239 , D23
科图分类:
主题词: 党史-中国共产党--学习参考资料
电子资源:
ISBN:
000 00660nam0 2200241 450
001 1534786151
005 20150119094005.75
010    @dCNY0.80
091    @a3135.003
100    @a19950619d1984 em y0chiy0110 ea
101 0  @achi
102    @aCN@b310000
105    @ay z 000yy
200 1  @a《中共党史》辅导@9《 zhong gong dang shi》 fu dao@f庄永淑编
210    @a上海@c华东师范大学出版社@d1984
215    @a290页@d19cm
601 0  @a中国共产党@x党史@x学习参考资料
606 0  @a党史-中国共产党@x学习参考资料
690    @aD239@v5
690    @aD23@v4
701  0 @a庄永淑@9zhuang yong shu@4编
801  0 @aCN@bTSSF@c20150115
905    @aZUCC@dD23@eJY36
    
    《中共党史》辅导/庄永淑编.-上海:华东师范大学出版社,1984
    290页;19cm
    
    
    ISBN :CNY0.80
    
●
相关链接 在E读中查询图书 在五车中查询图书 在当当中查询图书 在豆瓣中查询图书


正题名:《中共党史》辅导     索取号:D23/JY36         预约/预借

序号 登录号 条形码 馆藏地/架位号 状态 备注
1 7835460   278354601   学院路分馆/ [索取号:D23/JY36] 在馆    
唐山师范学院图书馆 欢迎您!
大连网信软件有限公司© 版权所有